| 000 | 00937cam a22002651 4500 | ||
|---|---|---|---|
| 001 | agr60000306 | ||
| 003 | DLC | ||
| 005 | 20260227111020.0 | ||
| 008 | 780201s1959 dcu b 100 0 eng c | ||
| 010 | _aagr60000306 | ||
| 035 | _a(OCoLC)3595737 | ||
| 040 |
_aU.S. Natl. Agr. Libr. _cNbU _dDLC |
||
| 042 | _apremarc | ||
| 050 | 0 | 0 |
_aSF95 _b.I645 1959 |
| 082 | _a636.084 | ||
| 111 | 2 |
_aInternational Animal Feed Symposium _n(1st : _d1959 : _cWashington, D.C.) |
|
| 245 | 0 | 0 | _aPapers. |
| 260 |
_a[Washington, _bForeign Agricultural Service, U.S. Dept. of Agriculture, _c1959] |
||
| 300 |
_a165 p. _c24 cm. |
||
| 500 | _a"Sponsored by the U.S. Department of Agriculture, Foreign Agricultural Service in cooperation with the Soybean Council of America, Inc." | ||
| 504 | _aIncludes bibliographies. | ||
| 650 | 0 |
_aFeeds _vCongresses. |
|
| 710 | 1 |
_aUnited States. _bForeign Agricultural Service |
|
| 710 | 2 | _aSoybean Council of America. | |
| 999 |
_c11733 _d11733 |
||